LEADER 00875nam a2200229 i 4500 001 000000000743 003 CaOOAMICUS 005 20250904095222.0 008 180830s19742000it u000 u mul u 040 $aSeMil$bita 100 0 $aDemosthenes,$d<384-322 a.C.>.$0(OLS)http://semarc/name/593 245 10$aDiscorsi e lettere /$cdi Demostene. 264 1$aTorino :$bUnione Tipografico-Editrice Torinese,$c1974-2000. 300 $a3 v. ;$c24 cm. 490 1 $aClassici greci 546 $aTesto greco a fronte. 774 0 $t1: Discorsi all'assemblea.$w()76071 774 0 $t2: Discorsi in tribunale.$w()13107 830 0$aClassici greci .$0(OLS)http://semarc/title/66 996 $6245$aDiscorsi e lettere$9(OLS)http://semarc/title/1102 996 $6264$aTorino :$bUnione Tipografico-Editrice Torinese$9(OLS)http://semarc/publisher/29628 LEADER 01054nam a2200205 i 4500 001 000000029272 003 CaOOAMICUS 005 20180830125448.0 008 180830s1927 it u000 u ita u 040 $aSeMil$bita 245 10$aConspectus historiae dogmatum ab aetate PP. Apostolicorum usque ad saec. 13 /$cI. F. De Groot ; Pontificia Universitas Gregoriana. 260 $aRomae :$bApud Aedes Universitatis Gregorianae,$c1927-1930. 300 $a3 v. ;$c23 cm. 500 $aIn mezzo al front : Pro Manuscripto. 710 2 $aPontificia Università Gregoriana .$0(OLS)http://semarc/name/5 774 0 $t[Ab aetate PP. Apostolicorum usque ad Conc. Nicaemum].$gPars1$w()66311 774 0 $t[A Concilio Nicaeno usque ad ortum Monophysitismi].$gPars2$w()66312 774 0 $t[Ab ortu monophysitismi usque ad saec. 13.].$gPars3$w()66313 996 $6245$aConspectus historiae dogmatum ab aetate PP. Apostolicorum usque ad saec. 13$9(OLS)http://semarc/title/39754 996 $6260$aRomae :$bApud Aedes Universitatis Gregorianae$9(OLS)http://semarc/publisher/30266